Recherche rapide d'informations - Statistiques

Statistiques générales
  • Ce quiz a été pris 31 fois
  • Le résultat moyen est 6 sur 16
Statistiques - réponses
Question Réponse % Correct
Quelle entreprise a pour numéro SIREN : 542 014 428 ? Nestlé France
81%
Que signigie le C dans le signe DICRIM ? Communal
74%
Que retrouve-t-on au 8, boulevard Gabriel Peronnet à Cusset ? Lycée Valery Larbaud
59%
Quelle le titre de la dixième musique de l'album Aïollywood ? Cool ¶
56%
Quelle est le numéro de la norme ISO sur la représentativité des sexes humains ? ISO 5218
56%
Quelle est le nom de caractère rajouté à la fin de la réponse précédente ? Pied-de-mouche
44%
Qui a écrit le test de New Super Mario Bros. U sur jeuxvideo.com ? Anagund
41%
Quelle est le titre du troisième blog publié par le Quizmaster sur Jetpunk ? Best Books about Roman History
41%
Déchiffre le message codé : HIKM QANKQBGE. Il a été chiffrer avec Vigenère et la clef MARIO. Vite ! Continue !
33%
Pour quelle marque a été produit le jeu "I Am a Teacher: Super Mario Sweater" ? Royal industries Co Ltd.
30%
Combien coûte un abonnement Amazon Prime d'un an + un abonemment Disney+ pour un mois ( en euro ) ? 57,99 €
26%
Quelle est la distance ( en km ) entre la marie de Montluçon ( France ) et l'île de Rasgetheemu ( Maldives ) ? 8030 à 8050 km
26%
Dans quelle superclasse phylogénétique trouve-t-on les Carpediemonadea ? Carpediemonadia
26%
Au-dessous de l'aide, prenez l'initiale de chaque mots de la phrase... c'est ce que je cherche ! La patte ! Bon chien ...
26%
Qui a fait la correction du sous-titrage de la vidéo L'école de Cyprien ? Les Masquet
26%
Dans quelle ville du Loir-et-Cher est né Clément Boileau, soldat de la première guerre mondiale ? Couffy
4%
Aucun quiz correspondant
Distribution des résultats
% des personnes avec chaque résultat
Percentile par nombre de réponses
Votre historique - résultats
Vous n’avez pas pris ce quiz